=LDR 00000nam 2200000 4500 =001 INLIS000000000022731 =005 20130612121447 =008 ***********************************Ind** =035 ##$$0010-061300000022731 =041 ##$$a Ind =082 ##$$a 910.2 =090 ##$$a 910.2, Sha p =100 ##$$a Shakuntala =245 ##$$a Pariwisata terorism : Obyek wisata baru ditengah meraknya ledakan bom di tanah air, Shakuntala =260 ##$$a 2003 $b Yogyakarta =300 ##$$a viii,116 hlm, ilus, 18 cm =650 ##$$a Pariwisata =850 ##$$a NBPNMAT =990 ##$$a 0001/BPAP-NTB/2016